The Full Names Of All 11 F1 Teams - Statistics

General Stats
  • This quiz has been taken 8 times
  • The average score is 2 of 11
Answer Stats
Hint Answer % Correct
Alpine BWT Alpine Formula One Team
50%
Red Bull Oracle Red Bull Racing
50%
Ferrari Scuderia Ferrari HP
50%
Aston Martrin Aston Martin Aramco Formula One Team
25%
Mercedes Mercedes-AMG PETRONAS Formula One Team
25%
Racing Bulls Visa Cash App Racing Bulls Formula One Team
25%
Williams Atlassian Williams F1 Team
0%
Audi Audi Revolut F1 Team
0%
Cadillac Cadillac Formula 1 Team
0%
McLaren McLaren Mastercard Formula 1 Team
0%
Haas TGR Haas F1 Team
0%
No matching quizzes found
Score Distribution
Percent of People with Each Score
Percentile by Number Answered
Your Score History
You have not taken this quiz